Sanremo Festival Winners - Statistics

General Stats
  • This quiz has been taken 259 times
  • The average score is 31 of 75
Answer Stats
Year Singer(s) Song % Correct
2021 Maneskin Zitti e buoni
90%
2019 Mahmood Soldi
89%
2022 Mahmood/Blanco Brividi
89%
2013 Marco Mengoni L'essenziale
89%
2023 Marco Mengoni Due vite
89%
2024 Angelina Mango La noia
86%
2025 Olly Balorda nostalgia
85%
2017 Francesco Gabbani Occidentali's Karma
81%
2015 Il Volo Grande amore
78%
2020 Diodato Fai rumore
77%
2018 Ermal Meta/Fabrizio Moro Non mi avete fatto niente
75%
1962 Domenico Modugno/Claudio Villa Addio... addio
70%
1966 Domenico Modugno/Gigliola Cinquetti Dio come ti amo
69%
1958 Domenico Modugno/Johnny Dorelli Nel blu dipinto di blu
69%
1959 Domenico Modugno/Johnny Dorelli Piove (ciao ciao bambina)
69%
2014 Arisa Controvento
68%
2001 Elisa Luce (tramonti a nord est)
65%
1987 Gianni Morandi/Enrico Ruggeri/Umberto Tozzi Si può dare di più
63%
2012 Emma Non è l'inferno
60%
1995 Giorgia Come saprei
60%
1988 Massimo Ranieri Perdere l'amore
58%
2005 Francesco Renga Angelo
52%
2016 Stadio Un giorno mi dirai
52%
1990 Pooh Uomini soli
51%
1967 Claudio Villa/Iva Zanicchi Non pensare a me
49%
2007 Simone Cristicchi Ti regalerò una rosa
48%
1969 Bobby Solo/Iva Zanicchi Zingara
46%
1985 Ricchi e Poveri Se m'innamoro
46%
1989 Anna Oxa/Fausto Leali Ti lascerò
45%
1974 Iva Zanicchi Ciao cara come stai?
45%
1986 Eros Ramazzotti Adesso tu
44%
1997 Jalisse Fiumi di parole
44%
1970 Adriano Celentano/Claudia Mori Chi non lavora non fa l'amore
43%
1984 Al Bano/Romina Power Ci sarà
42%
1999 Anna Oxa Senza pietà
40%
2011 Roberto Vecchioni Chiamami ancora amore
39%
1993 Enrico Ruggeri Mistero
38%
2009 Marco Carta La forza mia
38%
1964 Gigliola Cinquetti/Patricia Carli Non ho l'età (per amarti)
36%
1951 Nilla Pizzi Grazie dei fiori
36%
1952 Nilla Pizzi Vola colomba
36%
2004 Marco Masini L'uomo volante
32%
2006 Povia Vorrei avere il becco
32%
1957 Claudio Villa/Nunzio Gallo Corde della mia chitarra
30%
2010 Valerio Scanu Per tutte le volte che...
30%
1955 Claudio Villa/Tullio Pane Buongiorno tristezza
29%
1980 Toto Cotugno Solo noi
27%
1981 Alice Per Elisa
25%
1978 Matia Bazar ...e dirsi ciao
25%
2002 Matia Bazar Messaggio d'amore
25%
1971 Nada/Nicola Di Bari Il cuore è uno zingaro
25%
1991 Riccardo Cocciante Se stiamo insieme
25%
1996 Ron/Tosca Vorrei incontrarti fra cent'anni
25%
2008 Giò di Tonno/Lola Ponce Colpo di fulmine
22%
1965 Bobby Solo/The New Christy Minstrels Se piangi ridi
21%
1992 Luca Barbarossa Portami a ballare
21%
2003 Alexia Per dire di no
20%
1972 Nicola Di Bari I giorni arcobaleno
18%
2000 Piccola Orchestra Avion Travel Sentimento
18%
1998 Annalisa Minetti Senza te o con te
17%
1982 Riccardo Fogli Storie di tuttu i giorni
17%
1973 Peppino di Capri Un grande amore e niente più
15%
1976 Peppino di Capri Non lo faccio più
15%
1994 Aleandro Baldi Passerà
11%
1983 Tiziana Rivale Sarà quel che sarà
11%
1977 Homo Sapiens Bella da morire
10%
1968 Sergio Endrigo/Roberto Carlos Canzone per te
10%
1963 Tony Renis/Emilio Pericoli Uno per tutte
10%
1960 Tony Dallara/Renato Rascel Romantica
9%
1975 Gilda Ragazza del sud
8%
1961 Betty Curtis/Luciano Tajoli Al di là
6%
1956 Francesca Raimondi Aprite le finestre
6%
1954 Giorgio Consolini/Gino Latilla Tutte le mamme
6%
1953 Carla Boni/Flo Sandon's Viale d'autunno
5%
1979 Mino Vergnaghi Amare
5%
No matching quizzes found
Score Distribution
Percent of People with Each Score
Percentile by Number Answered
Your Score History
You have not taken this quiz